| 000 | 00359nam a22001577a 4500 | ||
|---|---|---|---|
| 020 | _a9780702022586 | ||
| 082 |
_a636.0876 _bGRA/ME |
||
| 100 |
_aGracey,J.F _9545 |
||
| 100 |
_aCollins,David s _9546 |
||
| 100 |
_aHuey,Robert.J _9547 |
||
| 245 | _aMeat Hygiene | ||
| 250 | _a10th | ||
| 260 |
_aNoida _bSaunders Elsevier _c2009 |
||
| 300 | _a758 | ||
| 942 | _cBK | ||
| 999 |
_c14359 _d14359 |
||